Music Quiz

Random Music or Bands Quiz

Band by Member Quiz Stats

 Plays Quiz Updated Apr 5, 2018

Score 0/30 Timer 07:00
5 Plays Today
Members Band % Correct
will.i.am, apl.de.ap, FergieBlack Eyed Peas
94.2%
Gene Simmons, Paul Stanley, Eric SingerKISS
85.6%
Steven Tyler, Joe Perry, Brad WhitfordAerosmith
85.1%
Freddie Mercury, Brian May, Roger TaylorQueen
84.7%
Lance Bass, Justin Timberlake, Joey Fatone'N Sync
84.7%
Jim Morrison, John Densmore, Ray ManzarekThe Doors
76.8%
Pete Townshend, Roger Daltrey, John EntwistleThe Who
71.1%
Dave Grohl, Nate Mendel, Taylor HawkinsFoo Fighters
68.6%
James Hetfield, Lars Ulrich, Kirk HammettMetallica
66.2%
Jerry Garcia, Phil Lesh, Bob WeirGrateful Dead
59.2%
Barry Gibb, Robin Gibb, Maurice GibbBee Gees
57.9%
Donnie Wahlberg, Danny Wood, Joey McIntyreNew Kids on the Block
56.7%
Nikki Sixx, Vince Neil, Tommy LeeMötley Crüe
56.6%
Michael Stipe, Peter Buck, Mike MillsREM
55.8%
Billy Corgan, James Iha, D'arcy WretzkySmashing Pumpkins
55.3%
Members Band % Correct
Anni-Frid Lyngstad, Björn Ulvaeus, Agnetha FältskogABBA
54.3%
Mike McCready, Eddie Vedder, Stone GossardPearl Jam
54.3%
Rob Thomas, Kyle Cook, Brian YaleMatchbox Twenty
52.4%
Thom Yorke, Jonny Greenwood, Colin GreenwoodRadiohead
44%
Morrissey, Johnny Marr, Andy RourkeThe Smiths
40.3%
Ann Wilson, Nancy Wilson, Ben SmithHeart
37.2%
Mark Knopfler, John Illsley, Pick WithersDire Straits
36.8%
Simon Le Bon, Nick Rhodes, John TaylorDuran Duran
35.5%
Jakob Dylan, Fred Eltringham, Greg RichlingThe Wallflowers
33.4%
Belinda Carlisle, Jane Wiedlin, Margot OlaverraThe Go-Go's
32.7%
David Byrne, Chris Frantz, Tina WeymouthTalking Heads
31.2%
Ric Ocasek, Benjamin Orr, Greg HawkesThe Cars
29.8%
Ray Davies, Dave Davies, Mick AvoryThe Kinks
28.6%
Nathan Followill, Caleb Followill, Jared FollowillKings of Leon
24.3%
Ben Gibbard, Chris Walla, Nick HarmerDeath Cab for Cutie
16.1%

You're not logged in!

Compare scores with friends on all Sporcle quizzes.
OR
Log In

Sporcle TV

Today on Sporcle TV


Watch our educational content, quiz creation guides, and fun videos on Sporcle TV.

Show Comments

Extras

Top Quizzes Today


Score Distribution

Your Account Isn't Verified!

In order to create a playlist on Sporcle, you need to verify the email address you used during registration. Go to your Sporcle Settings to finish the process.

Report this User

Report this user for behavior that violates our Community Guidelines.

Details: